| 000 | 01044nam a22002297a 4500 | ||
|---|---|---|---|
| 005 | 20250901091103.0 | ||
| 008 | 240815b ||||| |||| 00| 0 eng d | ||
| 082 | _aDPer 155.205 J826 July-September 2020 v. 119 n. 1-3 | ||
| 100 |
_aEbert, Tobias. _eauthor. _957872 |
||
| 245 |
_aReligious people only live longer in religious cultural contexts : _ba gravestone analysis / _cTobias Ebert, Jochen E. Gebauer, Jildou R. Talman, and P. Jason Rentfrow. |
||
| 260 |
_aWashington ; _bAmerican Psychological Association , _cJuly 2020. |
||
| 300 |
_aVolume 119, pages 1-6 : _billustration ; _c27 cm. |
||
| 500 | _aJournal of Personality and Social Psychology , vol. 119, no. 1, pages 1-6, July 2020. | ||
| 650 |
_aAttitude (Psychology). _960641 |
||
| 650 |
_aPsychology of religion. _960642 |
||
| 650 |
_aSocial psychology. _960643 |
||
| 700 |
_aEbert, Tobias. _eauthor. _957873 |
||
| 700 |
_aGebauer, Jochen E. _eauthor. _957874 |
||
| 700 |
_aTalman, Jildou R. _eauthor. _957875 |
||
| 700 |
_aRentfrow, P. Jason. _eauthor. _957876 |
||
| 942 |
_2ddc _cPER |
||
| 999 |
_c20488 _d20488 |
||